Managerial accounting : (Record no. 13984)

000 -LEADER
fixed length control field 00955pam a2200277 a 4500
001 - CONTROL NUMBER
control field 2996675
005 - DATE AND TIME OF LATEST TRANSACTION
control field 20160926165708.0
008 - FIXED-LENGTH DATA ELEMENTS--GENERAL INFORMATION
fixed length control field 930203s1993 ilua 001 0 eng
010 ## - LIBRARY OF CONGRESS CONTROL NUMBER
LC control number 93021847
020 ## - INTERNATIONAL STANDARD BOOK NUMBER
International Standard Book Number 0256110107
020 ## - INTERNATIONAL STANDARD BOOK NUMBER
International Standard Book Number 0256133697
040 ## - CATALOGING SOURCE
Original cataloging agency DLC
Transcribing agency DLC
Modifying agency DLC
050 00 - LIBRARY OF CONGRESS CALL NUMBER
Classification number HF5657.4
Item number .G37 1994
082 00 - DEWEY DECIMAL CLASSIFICATION NUMBER
Classification number 658.15/11
Edition number 20
100 1# - MAIN ENTRY--PERSONAL NAME
Personal name Garrison, Ray H.
245 10 - TITLE STATEMENT
Title Managerial accounting :
Remainder of title concepts for planning, control, decision making /
Statement of responsibility, etc. Ray H. Garrison, Eric W. Noreen.
250 ## - EDITION STATEMENT
Edition statement 7th ed.
260 ## - PUBLICATION, DISTRIBUTION, ETC. (IMPRINT)
Place of publication, distribution, etc. Burr Ridge, Ill. :
Name of publisher, distributor, etc. Irwin,
Date of publication, distribution, etc. c1994.
300 ## - PHYSICAL DESCRIPTION
Extent xxxi, 912 p. :
Other physical details ill. (some col.) ;
Dimensions 26 cm.
440 #4 - SERIES STATEMENT/ADDED ENTRY--TITLE
Title The Irwin series in undergraduate accounting
650 #0 - SUBJECT ADDED ENTRY--TOPICAL TERM
Topical term or geographic name as entry element Managerial accounting.
700 1# - ADDED ENTRY--PERSONAL NAME
Personal name Noreen, Eric W.
906 ## - LOCAL DATA ELEMENT F, LDF (RLIN)
a 7
b cbc
c orignew
d 1
e ocip
f 19
g y-gencatlg
942 ## - ADDED ENTRY ELEMENTS (KOHA)
Source of classification or shelving scheme
Koha item type Hard Covered Materials
Holdings
Withdrawn status Lost status Source of classification or shelving scheme Damaged status Not for loan Home library Current library Shelving location Date acquired Source of acquisition Total Checkouts Full call number Barcode Date last seen Price effective from Koha item type
          MACHAKOS UNIVERSITY LIBRARY MACHAKOS UNIVERSITY LIBRARY Open shelf 21/09/2016 Donation (BFA)   HF 5657.4 .G37 1994 22551 04/06/2019 21/09/2016 Hard Covered Materials
© Machakos University Library, Along The Highway, Machakos Wote Rd, Machakos, Kenya P.O. Box 136 - 90100 Machakos - Kenya

Tel: ( +254 ) 723 805829 OR Fax : 044-20353 OR Email: library@mksu.ac.ke